000 00756nac a22001811u 4500
008 101101t xxu||||| |||| 00| 0 eng d
020 _a8180521125
020 _a9788180521126
082 _a338.74
_bSET
100 _aSeth, Vijay K.
_920849
245 _aEconomics of Services :
_bStory of Transformation of Cinderella into the Queen of Hearts /
_cVijay K. Seth
260 _aNew Delhi :
_bAne books ,2006
_c2006.
300 _a225 p. ;
_b20 cm.
504 _aIncludes bibliography :p.195-218 and index
650 _aService industries
_920850
942 _cBB
_k338.74 SET
_2ddc
999 _c2437
_d2437